[Event "Southern New Hampshire Open"]
[Site "Manchester USA"]
[Date "2008.11.15"]
[Round "2"]
[White "Ivanov,AV USA"]
[Black "Terrie,H"]
[Result "1-0"]
[WhiteElo "2547"]
[BlackElo "2087"]

1.e4 c5 2.Nf3 e6 3.g3 Nc6 4.Bg2 Nf6 5.Qe2 Be7 6.e5 Nd5 7.c4 Ndb4 8.d3 d6
9.a3 Qa5 10.O-O Nxe5 11.Nxe5 dxe5 12.Qxe5 Bf6 13.Qe2 Nc6 14.Bxc6+ bxc6 15.Bd2 Qc7
16.Bc3 Bd4 17.Bxd4 cxd4 18.Qg4 O-O 19.Qxd4 c5 20.Qe3 Bb7 21.Nc3 Rfd8 22.f3 Qd6
23.Rad1 Rac8 24.Nb5 Qb6 25.Rd2 a6 26.Nc3 Qd6 27.Rfd1 e5 28.Ne4 Qe7 29.Re1 Qf8
30.Nc3 f6 31.b3 Qd6 32.Ne4 Qf8 33.Rb1 a5 34.Nc3 Rd7 35.Re1 Rcd8 36.Nb5 Rc8
37.f4 exf4 38.Qxf4 Re8 39.Rxe8 Qxe8 40.Kf2 Qd8 41.d4 cxd4 42.Rxd4 Rxd4 43.Qxd4 Qe7
44.Qd6 Qe8 45.Nc7  1-0

[Event "Southern New Hampshire Open"]
[Site "Manchester USA"]
[Date "2008.11.16"]
[Round "5"]
[White "Sciacca,P"]
[Black "Ivanov,AV USA"]
[Result "0-1"]
[WhiteElo "2172"]
[BlackElo "2547"]

1.d4 Nf6 2.g4 Nxg4 3.e4 d6 4.Nf3 Nf6 5.Nc3 Bg4 6.Rg1 e6 7.Bg5 Bh5 8.Bb5+ c6
9.Be2 h6 10.Bxf6 Qxf6 11.e5 Qf4 12.exd6 Bxf3 13.Bxf3 Qxh2 14.Rg3 Bxd6 15.Rxg7 Nd7
16.Ne4 Bf8 17.Rg3 h5 18.Qe2 h4 19.Rg4 Bh6 20.Ng5 Bxg5 21.Rxg5 O-O-O 22.Qe3 Rdg8
23.Rxg8+ Rxg8 24.O-O-O Rg1 25.Bh5 h3 26.f4 Rxd1+ 27.Kxd1 Qg2 28.Qe2 Qg1+
29.Qe1 h2 30.Bf3 Qxd4+ 31.Qd2 Qg1+ 32.Qe1 Nf6 33.Ke2 Nd5 34.Qf1 Nxf4+ 35.Ke1 Nh5  0-1

[Event "National Open"]
[Site "Las Vegas USA"]
[Date "2009.06.05"]
[Round "1"]
[White "Chen,H"]
[Black "Ivanov,AV USA"]
[Result "0-1"]
[WhiteElo "2189"]
[BlackElo "2516"]

1.e4 g6 2.d4 Bg7 3.Nf3 d6 4.c3 Nf6 5.Bd3 Nbd7 6.O-O e5 7.Nbd2 O-O 8.Re1 b6
9.a4 a6 10.b4 Bb7 11.Bb2 Re8 12.Qb3 Re7 13.a5 b5 14.Rac1 Rb8 15.d5 c6 16.dxc6 Bxc6
17.c4 bxc4 18.Nxc4 Nc5 19.Qa3 Nxd3 20.Qxd3 Bxe4 21.Qxd6 Qxd6 22.Nxd6 Bxf3
23.gxf3 Nd5 24.Nc4 Nxb4 25.Bxe5 Rbe8 26.Nd6 Bxe5 27.Nxe8 Nd3 28.f4 Rxe8 29.fxe5 Nxc1
30.Rxc1 Rxe5 31.Ra1 Kg7 32.Kg2 Rf5 33.Kg3 Kf6 34.Ra4 h5 35.h4 Ke6 36.f4 Rb5
37.Kf3 Kf5 38.Ra3  0-1

[Event "National Open"]
[Site "Las Vegas USA"]
[Date "2009.06.06"]
[Round "3"]
[White "Van Wely,L"]
[Black "Ivanov,AV USA"]
[Result "1-0"]
[WhiteElo "2622"]
[BlackElo "2516"]

1.d4 Nf6 2.c4 e6 3.Nf3 b6 4.g3 Bb7 5.Bg2 Be7 6.O-O O-O 7.Re1 d5 8.cxd5 exd5
9.Nc3 Nbd7 10.Bf4 Ne4 11.Qb3 Ndf6 12.Red1 Bd6 13.Rac1 Qe7 14.Bxd6 cxd6 15.Nb5 Rfc8
16.Bh3 Rxc1 17.Rxc1 Ne8 18.a4 g6 19.e3 Qf6 20.Qd1 Qd8 21.Ne1 a6 22.Nc3 N8f6
23.Nd3 Nxc3 24.Rxc3 Ne4 25.Rc2 Ng5 26.Bg2 Ne4 27.h4 Rc8 28.Bh3 Rxc2 29.Qxc2 a5
30.Nf4 Nf6 31.Ne2 Ne4 32.f3 Nf6 33.Kf2 Kg7 34.Nf4 h6 35.Qxg6+ fxg6 36.Ne6+ Kg8
37.Nxd8 Ba6 38.g4 Bc4 39.g5 hxg5 40.hxg5 Nh7 41.f4 Kf8 42.Ne6+ Ke7 43.Nc7 Kd8
44.Na8  1-0

[Event "National Open"]
[Site "Las Vegas USA"]
[Date "2009.06.07"]
[Round "6"]
[White "Ivanov,AV USA"]
[Black "Izoria,Z"]
[Result "1/2-1/2"]
[WhiteElo "2516"]
[BlackElo "2619"]

1.e4 c5 2.Nf3 a6 3.c3 e6 4.d4 d5 5.exd5 exd5 6.Bg5 Be7 7.Bxe7 Qxe7+ 8.Be2 c4
9.O-O Qd6 10.b3 cxb3 11.axb3 Ne7 12.c4 Nbc6 13.Nc3 O-O 14.c5 Qf6 15.Ra4 Be6
16.Qd2 h6 17.Rd1 g5 18.Ne1 Nf5 19.Nc2 Rad8 20.b4 Rfe8 21.b5 axb5 22.Bxb5 Ra8
23.Rda1 Rxa4 24.Rxa4 Kf8 25.Nd1 Rb8 26.Nde3 Nfe7 27.Ra1 Kg7 28.Rb1 Ra8 29.Qc3 Nf5
30.Rd1 Nxe3 31.fxe3 Bf5 32.Bd3 Qg6 33.Bxf5 Qxf5 34.Qb3 Qe4 35.Rf1 Ra7 36.h3 Qe6
37.Kh1 h5 38.Kg1 g4 39.hxg4 hxg4 40.g3 Ne7 41.e4 dxe4  1/2-1/2

[Event "Philadelphia Open"]
[Site "Philadelphia USA"]
[Date "2010.04.01"]
[Round "2"]
[White "Aramil,W"]
[Black "Ivanov,AV USA"]
[Result "1/2-1/2"]
[WhiteElo "2258"]
[BlackElo "2534"]

1.d4 g6 2.Nf3 Bg7 3.g3 c5 4.d5 d6 5.Bg2 b5 6.O-O Nf6 7.a4 b4 8.c4 bxc3 9.Nxc3 O-O
10.h3 Nbd7 11.e4 Rb8 12.Re1 Ba6 13.Nb5 Bxb5 14.axb5 Rb7 15.Bf1 Ne8 16.Nd2 Nc7
17.Nb3 Nxb5 18.Na5 Rb6 19.Nc6 Qe8 20.Bxb5 Rxb5 21.Rxa7 Ne5 22.Rxe7 Qa8 23.Ra7 Qe8
24.Re7  1/2-1/2

[Event "Philadelphia Open"]
[Site "Philadelphia USA"]
[Date "2010.04.02"]
[Round "4"]
[White "Bartell,T"]
[Black "Ivanov,AV USA"]
[Result "1-0"]
[WhiteElo "2376"]
[BlackElo "2534"]

1.Nf3 g6 2.e4 Bg7 3.d4 d6 4.c3 Nf6 5.Bd3 Nbd7 6.O-O e5 7.Nbd2 O-O 8.Re1 b6
9.Nf1 Bb7 10.Ng3 Re8 11.Bd2 d5 12.exd5 exd4 13.c4 Nc5 14.Rxe8+ Qxe8 15.Bf4 c6
16.d6 Ne6 17.Be5 c5 18.Qe2 Rd8 19.Re1 Qd7 20.h4 Ne8 21.Be4 Bc8 22.Bd5 Nxd6
23.h5 Re8 24.Qd2 Qd8 25.h6 Bf8 26.b3 Nc7 27.Qf4 Nxd5 28.cxd5 f6 29.Bxf6 Rxe1+
30.Nxe1 Qe8 31.Nf3 Qf7 32.Be5 Qxf4 33.Bxf4 Bb7 34.Bxd6 Bxd6 35.Ne4 Be7 36.d6 Bd8
37.Nfg5 Bxe4 38.Nxe4 Kf7 39.Kf1 Ke6 40.Ke2 Kd5 41.f3 b5 42.g4 c4 43.b4 g5
44.Kd2 Ke5 45.a3 a5 46.Ke2 axb4 47.axb4 Kf4 48.Nc5 d3+ 49.Kd2 Kxf3 50.Ne6 Bf6
51.d7 Kxg4 52.Nf8 Be7 53.Nxh7 Kf3 54.Nf6 Bxf6 55.h7 Ke4 56.d8=Q c3+ 57.Kc1 Bxd8
58.h8=Q Bb6 59.Qxc3 Be3+ 60.Kd1 g4 61.Qc6+ Kf4 62.Qxb5  1-0

[Event "Continental Class Ch"]
[Site "Arlington USA"]
[Date "2010.10.08"]
[Round "3"]
[White "Kaufman,La"]
[Black "Ivanov,AV USA"]
[Result "1/2-1/2"]
[WhiteElo "2413"]
[BlackElo "2532"]

1.d4 Nf6 2.c4 d6 3.Nc3 e5 4.Nf3 e4 5.Ng5 Qe7 6.Qc2 Bf5 7.g4 Bg6 8.e3 c6 9.Rg1 h5
10.h3 Na6 11.a3 Nc7 12.gxh5 Rxh5 13.Be2 Rh4 14.Bd2 O-O-O 15.O-O-O Kb8 16.Kb1 Ne6
17.Nxe6 Qxe6 18.Bf1 Qd7 19.d5 c5 20.Ne2 Qe7 21.Bc3 Rh6 22.b4 Bf5 23.bxc5 dxc5
24.Nf4 Ne8 25.Ka2  1/2-1/2

[Event "Continental Class Ch"]
[Site "Arlington USA"]
[Date "2010.10.10"]
[Round "7"]
[White "Ivanov,AV USA"]
[Black "Kacheishvili,G"]
[Result "1/2-1/2"]
[WhiteElo "2532"]
[BlackElo "2568"]

1.e4 c6 2.d4 d5 3.Nd2 dxe4 4.Nxe4 Bf5 5.Ng3 Bg6 6.Nh3 Nf6 7.Nf4 e5 8.Nxg6 hxg6
9.dxe5 Qa5+ 10.Bd2 Qxe5+ 11.Qe2 Nbd7 12.Qxe5+ Nxe5 13.Bc3 Ned7 14.O-O-O Bc5
15.f3 Kf8 16.Ne4 Nxe4 17.fxe4 Nb6 18.Bd3 Na4 19.Bd2 Bd6 20.h3 Be5 21.b3 Nb2
22.Rdf1 Nxd3+ 23.cxd3 Ke7 24.Kc2 Rad8 25.h4 Ke6 26.g4 Rh7 27.Rh3 Bf6 28.Rfh1 Rdh8
29.Be1 c5 30.Bf2 b6 31.Kd2 a5 32.a4 Be5 33.Ke2 f6 34.Be1 Kd6 35.Bf2 Bd4 36.Bg3+ Kc6
37.Be1 Rb8 38.h5 g5 39.Bf2 b5 40.Bxd4 cxd4 41.Rc1+ Kd6 42.Rf3 bxa4 43.bxa4 Rb2+
44.Kf1 Rh8 45.Rf5 Rhb8 46.Rd5+ Ke6 47.Rc6+ Kf7 48.Rc7+ Ke6 49.Rc6+  1/2-1/2

[Event "114th US Open"]
[Site "Middleton USA"]
[Date "2013.07.31"]
[Round "5"]
[White "Ivanov,AV USA"]
[Black "Vaidya,Atulya"]
[Result "1-0"]
[WhiteElo "2522"]
[BlackElo "1963"]

1.e4 c6 2.d4 d5 3.e5 Bf5 4.h4 h6 5.g4 Bd7 6.Nd2 e6 7.Nb3 c5 8.Nxc5 Bxc5 9.dxc5 Qa5+
10.c3 Qxc5 11.Nf3 Qc7 12.Bf4 Nc6 13.Bd3 Nge7 14.h5 O-O-O 15.Qd2 Kb8 16.Rc1 Nc8
17.Bg3 Nb6 18.b3 Be8 19.Nd4 a6 20.O-O Nd7 21.Qe3 Nxd4 22.cxd4 Qa5 23.Bh4 Rc8
24.Rxc8+ Kxc8 25.Rc1+ Kb8 26.Rc2 Ka7 27.Be7 Nb8 28.Rc8 Nc6 29.Bc5+ b6 30.Bd6 Qxa2
31.Qc1 Qa5 32.Rxe8 Rxe8 33.Qxc6 Qa1+ 34.Bf1 Rh8 35.Qc7+ Ka8 36.Qxb6  1-0

[Event "114th US Open"]
[Site "Middleton USA"]
[Date "2013.08.01"]
[Round "6.4"]
[White "Feng,Roland"]
[Black "Ivanov,AV USA"]
[Result "0-1"]
[WhiteElo "2099"]
[BlackElo "2522"]

1.d4 d6 2.Nf3 Bg4 3.e3 Nd7 4.h3 Bh5 5.Be2 Ngf6 6.c4 e5 7.Nc3 Be7 8.g4 Bg6
9.Nh4 c6 10.Nf5 Bxf5 11.gxf5 Qa5 12.dxe5 dxe5 13.Bd2 Qc7 14.Qc2 a5 15.O-O-O Nc5
16.Na4 Nxa4 17.Qxa4 O-O 18.Qc2 Bb4 19.f3 Rfd8 20.Bxb4 axb4 21.Rxd8+ Qxd8
22.Rd1 Qa5 23.b3 g6 24.Rd2 Qc5 25.Qd3 Kg7 26.fxg6 hxg6 27.Kb1 Re8 28.Kc2 Nd5
29.Qe4 Nxe3+ 30.Kb2 Nf5 31.Rd7 Qf2 32.Kc1 Ng3 33.Qh4 Nxe2+  0-1

[Event "114th US Open"]
[Site "Middleton USA"]
[Date "2013.08.02"]
[Round "6.6"]
[White "Chirila,I"]
[Black "Ivanov,AV USA"]
[Result "1/2-1/2"]
[WhiteElo "2528"]
[BlackElo "2522"]

1.d4 Nf6 2.c4 e6 3.Nc3 Bb4 4.e3 c5 5.Ne2 d5 6.a3 Bxc3+ 7.Nxc3 cxd4 8.exd4 dxc4
9.Bxc4 Nc6 10.Be3 O-O 11.O-O b6 12.Qf3 Bb7 13.Bd3 Qd7 14.Qh3 Ne7 15.Bg5 Ng6
16.Bxf6 gxf6 17.Rad1 Rad8 18.Be4 Bxe4 19.Nxe4 Kg7 20.Qf3 f5 21.Nc3 Qe7 22.Rfe1 Rd7
23.d5 Rfd8 24.dxe6 Rxd1 25.Rxd1 Rxd1+ 26.Qxd1 fxe6 27.Qd4+ e5 28.Qd3 e4 29.Qd5 Qg5
30.Ne2 Kh6 31.Kf1 Nh4 32.g3 Nf3 33.Qd6+ Qg6 34.Qe7 Nxh2+ 35.Kg2 Ng4 36.Qf8+ Kg5
37.Qe7+ Kh6 38.Qxa7 Qf6 39.Qb8 Ne5 40.Nf4 Ng6 41.b4 Qc6 42.Kh2 b5 43.Nxg6 Kxg6
44.Qg8+ Kf6 45.Qxh7 Ke5 46.Qg7+ Kd5 47.Kh3 Qe6 48.Kh4 Kc4 49.Kg5 e3 50.Qc7+ Kb3
51.fxe3 Qxe3+ 52.Kxf5 Qd3+ 53.Ke6 Kxa3 54.Qf4 Qb3+ 55.Kd6 Qxb4+ 56.Qxb4+ Kxb4
57.g4 Ka3 58.g5 b4 59.g6 b3 60.g7 b2 61.g8=Q b1=Q 62.Qa8+ Kb2 63.Qb7+ Ka2
64.Qxb1+ Kxb1  1/2-1/2

[Event "135th ch-New York State"]
[Site "Albany USA"]
[Date "2013.09.01"]
[Round "4"]
[White "Ivanov,AV USA"]
[Black "Busygin,Stanislav"]
[Result "1/2-1/2"]
[WhiteElo "2524"]
[BlackElo "2141"]

1.e4 c5 2.Nf3 d6 3.d4 cxd4 4.Nxd4 Nf6 5.Nc3 a6 6.h3 b5 7.g4 Bb7 8.Bg2 e6
9.a3 Be7 10.O-O Qc7 11.g5 Nfd7 12.f4 Nc6 13.Kh1 g6 14.Nf3 Bf8 15.Nh2 h6 16.f5 gxf5
17.exf5 O-O-O 18.g6 Ne7 19.fxe6 Bxg2+ 20.Kxg2 fxe6 21.Qf3 Nxg6 22.Qa8+ Nb8
23.Qe4 Ne5 24.Bf4 Rg8+ 25.Kh1 Nbc6 26.Bxe5 dxe5 27.Rad1 Rxd1 28.Rxd1 Bc5
29.Ng4 Kb8 30.Nf6 Rd8 31.Rxd8+ Nxd8 32.Ne2 Nf7 33.Ng3 Qd8 34.Qf3 Ng5 35.Qf1 Be7
36.Nfe4 Qd5 37.Qe2 Nxh3 38.Qh5 Nf2+ 39.Kg1 Nxe4 40.Nxe4 Bc5+ 41.Nxc5 Qxc5+
42.Kf1 Qxc2 43.Qxe5+ Kb7 44.Qh8 h5 45.Qg7+ Kc6 46.Qh8 Kb7  1/2-1/2